[Event "Platja d'Aro op 9th"]
[Site "Platja d'Aro"]
[Date "2022.12.28"]
[Round "5"]
[White "Vinolas Puig, Joan"]
[Black "Jorda Garcia, Carles"]
[Result "0-1"]
[WhiteElo "1506"]
[BlackElo "1995"]
[PlyCount "60"]
[EventDate "2022.12.26"]
[EventType "swiss"]
[EventRounds "9"]
[EventCountry "ESP"]
[SourceTitle "CBM 211 Extra"]
[Source "ChessBase"]
[SourceDate "2023.01.31"]
[SourceVersion "1"]
[SourceVersionDate "2023.01.31"]
[SourceQuality "1"]

1. Nf3 d5 2. d4 Nf6 3. g3 e6 4. c4 c6 5. Bg2 Be7 6. Nc3 0-0 7. c5 Nbd7 8. 0-0 a5 9. Re1 b6 10. cxb6 Nxb6 11. e4 dxe4 12. Nxe4 Nbd5 13. Ne5 Qb6 14. Qa4 Qb4 15. Nxf6+ gxf6 16. Qd1 fxe5 17. Bh6 f5 18. Bxf8 Bxf8 19. dxe5 Bg7 20. Rc1 Bd7 21. b3 Rc8 22. Rc4 Qe7 23. Ra4 Nc3 24. Qd2 Nxa4 25. bxa4 Qb4 26. Qe2 c5 27. Rd1 Bxa4 28. Rd6 Re8 29. Bc6 Bxc6 30. Rxc6 Qb1+ 0-1

[Event "Girona-ch"]
[Site "Sant Gregori"]
[Date "2019.11.17"]
[Round "5"]
[White "Pinsach Gelabert, Alexandre"]
[Black "Jorda Garcia, Carles"]
[Result "1-0"]
[WhiteElo "2114"]
[BlackElo "1969"]
[PlyCount "73"]
[EventDate "2019.10.13"]
[EventType "swiss"]
[EventRounds "9"]
[EventCountry "ESP"]
[SourceTitle "CBM 194 Extra"]
[Source "ChessBase"]
[SourceDate "2020.03.31"]
[SourceVersion "1"]
[SourceVersionDate "2020.03.31"]
[SourceQuality "1"]

1. e4 e5 2. Nf3 Nc6 3. Bb5 a6 4. Ba4 Nf6 5. 0-0 Be7 6. Re1 b5 7. Bb3 d6 8. c3 0-0 9. d4 Bg4 10. Be3 exd4 11. cxd4 d5 12. e5 Ne4 13. Nc3 Nxc3 14. bxc3 Na5 15. Bc2 Nc4 16. h3 Bh5 17. g4 Bg6 18. Bf5 c6 19. Bf4 a5 20. h4 Bxh4 21. Kg2 Be7 22. Rh1 Bxf5 23. gxf5 Qc8 24. Qd3 g6 25. f6 Qg4+ 26. Bg3 Qe4 27. Qxe4 dxe4 28. Ng5 h5 29. fxe7 Rfe8 30. Nxe4 Rxe7 31. Bh4 Rea7 32. Bf6 Kh7 33. Kf3 Nb6 34. Ng3 Kh6 35. Nxh5 gxh5 36. Rag1 Nd5 37. Bg7+ 1-0

[Event "Girona-ch"]
[Site "Sant Gregori"]
[Date "2019.10.27"]
[Round "3"]
[White "Jorda Garcia, Carles"]
[Black "Estevez Montilla, Francesco"]
[Result "1-0"]
[WhiteElo "1969"]
[BlackElo "1751"]
[PlyCount "101"]
[EventDate "2019.10.13"]
[EventType "swiss"]
[EventRounds "9"]
[EventCountry "ESP"]
[SourceTitle "CBM 194 Extra"]
[Source "ChessBase"]
[SourceDate "2020.03.31"]
[SourceVersion "1"]
[SourceVersionDate "2020.03.31"]
[SourceQuality "1"]

1. e4 c5 2. Nc3 Nc6 3. f4 d6 4. Nf3 Nf6 5. Bb5 Bd7 6. 0-0 a6 7. Bxc6 Bxc6 8. d3 e6 9. Qe1 Be7 10. a4 b5 11. Qg3 b4 12. Ne2 0-0 13. e5 Ne8 14. exd6 Nxd6 15. Ne5 Bd5 16. Qf2 Rc8 17. Bd2 f6 18. Nf3 Nf7 19. b3 Bd6 20. Ng3 Qc7 21. Nh5 Nh6 22. Qh4 Qf7 23. Ng3 f5 24. Ne5 Qb7 25. Rf2 Be7 26. Qh5 Bf6 27. h3 Nf7 28. Re1 g6 29. Qe2 Bh4 30. Kh2 Nd6 31. Be3 Ne8 32. Rg1 Qg7 33. Rff1 Qh6 34. Rc1 Be7 35. Nf1 Nf6 36. Nd2 Qh4 37. Ndf3 Qh5 38. Qf2 Ng4+ 39. Nxg4 fxg4 40. Ne5 gxh3 41. gxh3 Rf5 42. Rg4 Qh6 43. Rcg1 Rh5 44. Rxg6+ hxg6 45. Rxg6+ Qxg6 46. Nxg6 Kf7 47. Ne5+ Ke8 48. Qg3 Kd8 49. Qg7 Rxe5 50. fxe5 Kd7 51. h4 1-0

[Event "Llinars del Valles op-A 13th"]
[Site "Llinars del Valles"]
[Date "2019.05.04"]
[Round "4"]
[White "Jorda Garcia, Carles"]
[Black "Muntal Corrales, Arnau"]
[Result "1-0"]
[WhiteElo "1945"]
[BlackElo "1553"]
[PlyCount "93"]
[EventDate "2019.03.30"]
[EventType "swiss"]
[EventRounds "8"]
[EventCountry "ESP"]
[SourceTitle "EXT 2020"]
[Source "ChessBase"]
[SourceDate "2019.10.17"]
[SourceVersion "1"]
[SourceVersionDate "2019.10.17"]
[SourceQuality "1"]

1. e4 c5 2. Nf3 e6 3. d4 cxd4 4. Nxd4 a6 5. c4 Nf6 6. f3 Nc6 7. Nc3 Bb4 8. Be3 Bxc3+ 9. bxc3 Qa5 10. Qd2 h6 11. Be2 0-0 12. 0-0 Ne5 13. Nb3 Qa4 14. Bc5 Re8 15. Qd4 Nc6 16. Qd6 Na5 17. Bb4 Nxb3 18. axb3 Qc6 19. e5 Nh7 20. f4 Qxd6 21. Bxd6 Nf8 22. Bf3 Ng6 23. g3 Ne7 24. b4 Nf5 25. Bc5 Rb8 26. Ba7 Ra8 27. Bb6 d6 28. g4 Nh4 29. Be4 dxe5 30. fxe5 Bd7 31. Bf2 Ng6 32. Bxb7 Rab8 33. Bxa6 Nf4 34. Ba7 Nh3+ 35. Kg2 Rbd8 36. Kxh3 Bc6 37. Bd4 f6 38. Rae1 Kh7 39. b5 Ba8 40. c5 fxe5 41. Rxe5 Bd5 42. c6 Rf8 43. Rxf8 Rxf8 44. Rxd5 exd5 45. c7 Rf3+ 46. Kg2 Rd3 47. c8Q 1-0

[Event "Girona Pont Major op 2nd"]
[Site "Girona"]
[Date "2017.05.05"]
[Round "3"]
[White "Jorda Garcia, Carles"]
[Black "Vidal Zamora, Alex"]
[Result "0-1"]
[WhiteElo "1962"]
[BlackElo "2361"]
[PlyCount "82"]
[EventDate "2017.04.21"]
[EventType "swiss"]
[EventRounds "8"]
[EventCountry "ESP"]
[SourceTitle "CBM 187 Extra"]
[Source "ChessBase"]
[SourceDate "2018.11.04"]
[SourceVersion "1"]
[SourceVersionDate "2018.11.04"]
[SourceQuality "1"]

1. d4 Nf6 2. c4 e6 3. Nf3 b6 4. a3 Be7 5. Nc3 Bb7 6. Qc2 c5 7. dxc5 bxc5 8. e4 d6 9. Be2 Nc6 10. Be3 Ng4 11. Bf4 Nge5 12. Qa4 0-0 13. 0-0 Nxf3+ 14. Bxf3 Nd4 15. Bg4 Bc6 16. Qd1 a5 17. Be3 Bf6 18. b3 Rb8 19. Rb1 Qb6 20. b4 axb4 21. axb4 cxb4 22. Nb5 Bxb5 23. cxb5 Qc5 24. Rc1 Qe5 25. Rc4 Nxb5 26. Rxb4 Nc3 27. Qb3 Rxb4 28. Qxb4 Qxe4 29. Qxe4 Nxe4 30. Rd1 d5 31. f4 g6 32. Bf3 Nc3 33. Rd3 Ra8 34. g4 Ra1+ 35. Kg2 Ra2+ 36. Rd2 Ra4 37. Rd3 h6 38. Kh3 Kg7 39. f5 exf5 40. Bxd5 Nxd5 41. Rxd5 Ra3 0-1

[Event "Mataro Maresme op-A 13th"]
[Site "Mataro"]
[Date "2016.10.29"]
[Round "4"]
[White "Martin Villanova, Jordi"]
[Black "Jorda Garcia, Carles"]
[Result "0-1"]
[WhiteElo "1878"]
[BlackElo "1844"]
[PlyCount "66"]
[EventDate "2016.10.08"]
[EventType "swiss"]
[EventRounds "9"]
[EventCountry "ESP"]
[SourceTitle "EXT 2018"]
[Source "ChessBase"]
[SourceDate "2017.10.13"]
[SourceVersion "1"]
[SourceVersionDate "2017.10.13"]
[SourceQuality "1"]

1. Nf3 d5 2. g3 Nf6 3. Bg2 c5 4. 0-0 e6 5. c4 Be7 6. d4 0-0 7. cxd5 Nxd5 8. e4 Nf6 9. Nc3 a6 10. d5 exd5 11. exd5 b5 12. Ne5 Bd6 13. Nc6 Qc7 14. Bg5 Nbd7 15. Re1 h6 16. Bxf6 Nxf6 17. Ne4 Nxe4 18. Bxe4 Bb7 19. Qf3 Rae8 20. Qf5 g6 21. Qf6 Bxc6 22. dxc6 Be5 23. Qf3 Kg7 24. Qa3 Qb6 25. Rad1 Bd4 26. Bf3 b4 27. Qb3 Bxf2+ 28. Kxf2 c4+ 29. Qe3 Rxe3 30. Rxe3 Re8 31. Rde1 c3 32. bxc3 bxc3 33. Be4 Rxe4 0-1

[Event "Girona-ch"]
[Site "Banyoles"]
[Date "2016.10.16"]
[Round "4"]
[White "Jorda Garcia, Carles"]
[Black "Cobos Navarro, Jorge"]
[Result "1-0"]
[WhiteElo "1844"]
[BlackElo "1595"]
[PlyCount "49"]
[EventDate "2016.10.02"]
[EventType "swiss"]
[EventRounds "9"]
[EventCountry "ESP"]
[SourceTitle "EXT 2018"]
[Source "ChessBase"]
[SourceDate "2017.10.13"]
[SourceVersion "1"]
[SourceVersionDate "2017.10.13"]
[SourceQuality "1"]

1. e4 e6 2. d4 d5 3. e5 c5 4. c3 Nc6 5. Nf3 Qb6 6. a3 c4 7. Nbd2 Na5 8. Rb1 Bd7 9. Be2 Be7 10. 0-0 Nh6 11. Qe1 Ba4 12. Bd1 Bxd1 13. Qxd1 Rc8 14. Qa4+ Nc6 15. b4 0-0 16. Re1 f6 17. exf6 Rxf6 18. Nf1 Rcf8 19. Ng3 Rg6 20. Qc2 Nf5 21. b5 Nxg3 22. bxc6 Qxc6 23. Ne5 Qc7 24. Nxg6 hxg6 25. hxg3 1-0

[Event "Girona-ch"]
[Site "Banyoles"]
[Date "2016.10.12"]
[Round "3"]
[White "Carrasco Holgado, David"]
[Black "Jorda Garcia, Carles"]
[Result "1-0"]
[WhiteElo "2001"]
[BlackElo "1844"]
[PlyCount "81"]
[EventDate "2016.10.02"]
[EventType "swiss"]
[EventRounds "9"]
[EventCountry "ESP"]
[SourceTitle "EXT 2018"]
[Source "ChessBase"]
[SourceDate "2017.10.13"]
[SourceVersion "1"]
[SourceVersionDate "2017.10.13"]
[SourceQuality "1"]

1. e4 e5 2. Nf3 Nc6 3. Bb5 a6 4. Ba4 Nf6 5. d3 b5 6. Bb3 Be7 7. 0-0 0-0 8. c3 d6 9. Re1 Na5 10. Bc2 Bg4 11. Nbd2 c5 12. Nf1 Qc7 13. Bg5 h6 14. Bh4 Rac8 15. Ne3 Be6 16. h3 g6 17. g4 Nh7 18. Bg3 Rfd8 19. Kh2 Bf8 20. a4 b4 21. c4 Nc6 22. Nd5 Bxd5 23. cxd5 Nd4 24. Nxd4 cxd4 25. Bb3 a5 26. f4 Bg7 27. Rf1 f6 28. Qd2 Qd7 29. Rac1 Rxc1 30. Rxc1 Rc8 31. Rc6 Rc7 32. Qc1 Ra7 33. Bc4 Nf8 34. Bb5 Kf7 35. Rc8 Qe7 36. Be8+ Kg8 37. Bxg6 Bh8 38. fxe5 dxe5 39. Qxh6 Qg7 40. Bh7+ Kf7 41. Qh5+ 1-0